000 00713nam a2200229Ia 4500
005 20220209153532.0
008 210716s2009 xx 000 0 und d
020 _a9788174465696
040 _cAIMIT LIBRARY
041 _aeng
082 _a332.12
_21
_b IYEG
100 _aIyengar, G Vijayaragavan.
_918701
245 _aIntroduction to banking /
_cBy G Vijayaragavan Iyengar.
250 _a1st ed.
260 _aNew Delhi :
_bExcel Books ,
_c2009.
300 _axiii,642p. ;
_c27.4 cm.
650 _aBanking and Insurance.
_918702
650 _aTechnology in Banking.
_918708
650 _aOperational Risk Management.
_918709
650 _aForeign Exchange.
_918710
942 _2ddc
_cBK
_e1st
_k332.12 IYEG
999 _c205421
_d205421